000 00806nam a2200313Ia 4500
001 8077
005 20240113234049.0
007 ta
008 050715s1992 a g b000 u 465 u
020 _a81-224-0365-4
040 _aCotton College Assam
041 _a465
082 _a581.5
_bSi 61 Tr
100 _aSingh , K.P. .
245 0 _aTropical Ecosystems: Ecology and Management /
_cK.P. Singh & J.S. Singh.
_hTextual Documents
250 _a1st ed. /
260 _aNew Delhi :
_bWiley Eastern Ltd. ,
_c1992.
300 _a573p. :
_bill ;
_c23cm. .
504 _aIndex
653 _aBotany
653 _aEcosystems
653 _aZoology
653 _aG-Zoology
700 _aSingh, J.S. .
942 _2ddc
_cBK
999 _c8064
_d8064